000 00363nam a2200133Ia 4500
008 220204s9999 xx 000 0 und d
082 _a338.434:336.21
_bMAN
100 _aDani, R S
245 0 _aAgriculture and direct taxes
260 _aAllahabad
_bCentral Law Agency
_c1977
650 _aAgricultural taxes
700 _aMansinghka, Shyam Sunder
942 _cBK
999 _c25940
_d25940